| 000 | 00505cam a2200205ua 4500 | ||
|---|---|---|---|
| 001 | 483 | ||
| 005 | 20260515113154.0 | ||
| 008 | 110406n ii |||gr||||Z||||||eng | ||
| 020 | _a81-259-1682-2 | ||
| 040 | _cMAIN | ||
| 082 | _a327.54 | ||
| 245 |
_aForeign policy of India. _cBy V N Khanna. |
||
| 250 | _a5th. | ||
| 260 |
_aNew Delhi.: _bVikash publishing., _c2005. |
||
| 300 | _avii, 368 p.:5 cm. | ||
| 653 | _aPolitical science. | ||
| 653 | _aForeign policy. | ||
| 700 | 1 | _aKhanna, V N., | |
| 942 | _cBK | ||
| 999 |
_c424 _d424 |
||